000 00441nam a22001817a 4500
003 MPLRDC
005 20220104114222.0
008 210129b ||||| |||| 00| 0 eng d
020 _a7-80518-023-7
082 _a857.457 YJDG
100 _a云间颠公
245 _a清代官场百怪录
_c
250 _a一版一刷
260 _a
_b浙江古籍出版社
_c1987
300 _b
650 _a历史小说
942 _cBK
_o857.457 YJDG
999 _c5760
_d5750